Método para aprender por principios la geografía general y particular, antigua y moderna, sagrada y eclesiástica, y la cronología y esfera celeste y terrestre (Record no. 8495)

MARC details
000 -CABECERA
campo de control de longitud fija 01017nam a2200229 a 4500
001 - NÚMERO DE CONTROL
campo de control BRCA_8844
005 - FECHA Y HORA DE LA ÚLTIMA TRANSACCIÓN
campo de control 20190320210431.0
008 - DATOS DE LONGITUD FIJA--INFORMACIÓN GENERAL
campo de control de longitud fija 120517s1793----sp-#######---#000-0#spa-#
041 ## - CÓDIGO DE LENGUA
Código de lengua del texto/banda sonora o título independiente spa
044 ## - CÓDIGO DEL PAÍS DE LA ENTIDAD EDITORA/PRODUCTORA
Código MARC del país sp
084 ## - OTRO NÚMERO DE CLASIFICACIÓN
Número de clasificación BE226
Número de documento/Ítem .G66 1793
100 1# - ENTRADA PRINCIPAL--NOMBRE DE PERSONA
Nombre de persona Gonzalez Cañaveras, Juan Antonio
9 (RLIN) 22031
245 10 - MENCIÓN DE TÍTULO
Título Método para aprender por principios la geografía general y particular, antigua y moderna, sagrada y eclesiástica, y la cronología y esfera celeste y terrestre
Resto del título obra expresamente trabajada para instrucción de la Juventud, comenzada á publicar en el año de 1775., y continuada en el presente
Mención de responsabilidad, etc. por D. Juan Antonio Gonzalez Cañaveras; tomo. v.
260 ## - PUBLICACIÓN, DISTRIBUCIÓN, ETC.
Lugar de publicación, distribución, etc. Madrid
Nombre del editor, distribuidor, etc. en la Oficina de Cano9
Fecha de publicación, distribución, etc. 1793
300 ## - DESCRIPCIÓN FÍSICA
Extensión 350 p. (t.5)
Dimensiones 15 x 10.4 cm.
500 ## - NOTA GENERAL
Nota general Con privilegio
500 ## - NOTA GENERAL
Nota general Estado físico: presenta encuadernación en pergamino
650 14 - PUNTO DE ACCESO ADICIONAL DE MATERIA--TÉRMINO DE MATERIA
Término de materia o nombre geográfico como elemento de entrada Geografía
Subdivisión cronológica Obras anteriores a 1800
9 (RLIN) 22032
650 14 - PUNTO DE ACCESO ADICIONAL DE MATERIA--TÉRMINO DE MATERIA
Término de materia o nombre geográfico como elemento de entrada Geografía física
Subdivisión cronológica Obras anteriores a 1800
9 (RLIN) 22033
902 ## - CATALOGADOR
Iniciales CFM
942 ## - ELEMENTOS DE PUNTO DE ACCESO ADICIONAL (KOHA)
Fuente del sistema de clasificación o colocación Library of Congress Classification
Tipo de ítem Koha Libros
Holdings
Estado de retiro Estado de pérdida Estado dañado No para préstamo Localización permanente Ubicación/localización actual Fecha de adquisición Total de préstamos Signatura topográfica completa Código de barras Fecha visto por última vez Precio válido a partir de Tipo de ítem Koha
El ejemplar forma parte de la colección y puede ser consultado según las políticas vigentes.       Biblioteca del Museo Franz Mayer (Rogerio Casas-Alatriste) Biblioteca del Museo Franz Mayer (Rogerio Casas-Alatriste) 12/05/2017   BE226 .G66 1793 CFM00171 22/03/2019 22/03/2019 Libros